000 00260nam a2200109Ia 4500
008 220204s9999 xx 000 0 und d
082 _a802
_bSTR.3
100 _aStrevens, Peter
245 0 _aEnglish 901: Book 3
260 _aLondon
_bCassell
_c1978
942 _cBK
999 _c30385
_d30385